[Event "16th Donau Open"]
[Site "Aschach Donau AUT"]
[Date "2007.12.29"]
[Round "5"]
[White "Mueller,Max1"]
[Black "Winiwarter,F"]
[Result "0-1"]
[WhiteElo "2069"]
[BlackElo "2193"]

1.e4 c5 2.Nf3 Nc6 3.Nc3 d6 4.d4 cxd4 5.Nxd4 Nf6 6.Bc4 e6 7.Be3 Be7 8.Qe2 a6
9.Bb3 Qc7 10.O-O-O O-O 11.g4 Na5 12.g5 Nxb3+ 13.axb3 Nd7 14.Rhg1 b5 15.Nf5 exf5
16.Nd5 Qd8 17.exf5 Re8 18.f6 Bf8 19.fxg7 Bxg7 20.Qf3 Bb7 21.Nf6+ Nxf6 22.Qxb7 Ne4
23.Qd5 Qa5 24.Kb1 Nc3+  0-1

[Event "Weihnachtsopen Meister"]
[Site "Zurich SUI"]
[Date "2007.12.29"]
[Round "5"]
[White "Kamber,B"]
[Black "Nuri,Kam"]
[Result "1-0"]
[WhiteElo "2329"]
[BlackElo "2122"]

1.e4 c5 2.Ne2 Nc6 3.Nbc3 Nf6 4.h3 e6 5.g3 d5 6.exd5 exd5 7.d4 Bf5 8.Be3 b6
9.Bg2 Qd7 10.dxc5 Rd8 11.cxb6 d4 12.Nxd4 Nxd4 13.Qxd4 Qxd4 14.Bxd4  1-0

[Event "16th Donau Open"]
[Site "Aschach Donau AUT"]
[Date "2007.12.30"]
[Round "6"]
[White "Neuman,P"]
[Black "Havlik,Ja"]
[Result "1-0"]
[WhiteElo "2415"]
[BlackElo "2281"]

1.e4 c5 2.Nc3 Nc6 3.Bb5 g6 4.Bxc6 dxc6 5.d3 Bg7 6.Be3 b6 7.Qd2 e5 8.Nge2 h6
9.O-O g5 10.a3 Ne7 11.b4 cxb4 12.axb4 Ng6 13.Ra3 O-O 14.Rfa1 Nh4 15.Kh1 f5
16.exf5 Qc7 17.Ng3 Nxf5 18.Nxf5 Bxf5 19.Ne4 Rf7 20.Qc3 Rd7 21.f3 Bxe4 22.dxe4 Bf8
23.Ra6 Qd6 24.h3 Re8 25.Rxa7 Rxa7 26.Rxa7 Qxb4 27.Qxc6  1-0

[Event "CERRADO IM"]
[Site "Mondariz-Balneario ESP"]
[Date "2007.12.30"]
[Round "5"]
[White "Garcia Castro,P"]
[Black "Pena Gomez,M"]
[Result "1/2-1/2"]
[WhiteElo "2386"]
[BlackElo "2320"]

1.e4 c5 2.Nc3 Nc6 3.Nf3 e5 4.Bc4 Be7 5.d3 d6 6.Nd2 Bg5 7.h4 Bh6 8.Qh5 Qd7
9.Nd5 Rb8 10.a4 Qd8 11.Nf1 Bxc1 12.Rxc1 Nge7 13.Nxe7 Qxe7 14.Ne3 O-O 15.Qg5 Be6
16.Qxe7 Nxe7 17.c3 a6 18.a5 Rbd8 19.b4 cxb4 20.cxb4 d5 21.Nxd5 Nxd5 22.exd5 Bxd5
23.Bxd5 Rxd5 24.Rc4 Rb8 25.Ke2 g6 26.h5  1/2-1/2

[Event "37th Rilton Cup"]
[Site "Stockholm SWE"]
[Date "2007.12.30"]
[Round "4"]
[White "Stjazhkina,O"]
[Black "Smith,Ax"]
[Result "0-1"]
[WhiteElo "2315"]
[BlackElo "2384"]

1.e4 c5 2.Nc3 Nc6 3.Bb5 Nd4 4.Bc4 e6 5.Nf3 Nf6 6.e5 d5 7.Nxd4 cxd4 8.Bb5+ Nd7
9.Ne2 Qg5 10.O-O Qxe5 11.Re1 Bd6 12.f4 Qf6 13.b3 d3 14.cxd3 Qxa1 15.Nc3 a6
16.Bxd7+ Bxd7 17.d4 Rc8 18.Qc2 Bb4 19.Re3 b5 20.Kf2 Bxc3 21.dxc3 b4 22.Bd2 O-O
23.Rh3 g6 24.Be1 Bb5 25.Re3 bxc3  0-1

[Event "37th Rilton Cup"]
[Site "Stockholm SWE"]
[Date "2008.01.04"]
[Round "8"]
[White "Carlsson,P"]
[Black "Blomqvist,E"]
[Result "1-0"]
[WhiteElo "2481"]
[BlackElo "2334"]

1.e4 c5 2.Nc3 Nc6 3.Nf3 d6 4.d4 cxd4 5.Nxd4 Nf6 6.Bg5 Bd7 7.Qd2 Rc8 8.Nxc6 bxc6
9.Bc4 e6 10.O-O-O Be7 11.Rhe1 d5 12.Bxf6 gxf6 13.exd5 cxd5 14.Bxd5 exd5 15.Rxe7+ Kxe7
16.Nxd5+ Ke6 17.Qe3+ Kd6 18.Ne7+  1-0

[Event "5th TCh-Asia w"]
[Site "Visakhpatnam IND"]
[Date "2008.01.05"]
[Round "3"]
[White "Swathi,G"]
[Black "Harika,D"]
[Result "1/2-1/2"]
[WhiteElo "2337"]
[BlackElo "2455"]

1.e4 c5 2.Nf3 Nc6 3.Nc3 g6 4.d4 cxd4 5.Nxd4 Bg7 6.Be3 Nf6 7.Bc4 O-O 8.Bb3 d6
9.f3 Bd7 10.Qd2 Nxd4 11.Bxd4 b5 12.a4 b4 13.Nd5 Nxd5 14.exd5 a5 15.Bxg7 Kxg7
16.Qd4+ Kg8 17.h4 e5 18.dxe6 Bxe6 19.O-O-O Bxb3 20.cxb3 Re8 21.h5 Qg5+ 22.Kb1 gxh5
23.g4 h4 24.f4 Qc5 25.Qf6 Re2 26.Rxd6 Qc2+ 27.Ka2 Qg6 28.Rd8+ Rxd8 29.Qxd8+ Kg7
30.Qxh4 h6 31.g5 Re6 32.Qh3 Rd6 33.Qe3 Qf5 34.Rg1 h5 35.Rh1 h4 36.Qf2 h3
37.Qh4 Rd3 38.Qh6+ Kg8 39.Re1 Rd8 40.Rg1 Qxf4 41.Qxh3 Rd2 42.Qc8+ Kg7 43.Rh1 Rxb2+
44.Kxb2 Qe5+ 45.Ka2 Qe2+ 46.Ka1 Qe5+ 47.Ka2  1/2-1/2

[Event "Premier"]
[Site "Hastings ENG"]
[Date "2008.01.06"]
[Round "10"]
[White "Rudd,J"]
[Black "Roy Chowdhury,S"]
[Result "1/2-1/2"]
[WhiteElo "2332"]
[BlackElo "2418"]

1.e4 c5 2.Nf3 Nc6 3.Nc3 e5 4.Bc4 Be7 5.d3 d6 6.O-O h6 7.Nd5 Nf6 8.Nd2 O-O
9.f4 exf4 10.Nxf4 Ne5 11.Bb3 b5 12.Kh1 Bb7 13.Qe2 Rc8 14.a4 c4 15.dxc4 bxc4
16.Ba2 Qc7 17.c3 Rfe8 18.Bb1 Bf8 19.a5 d5 20.exd5 Nxd5 21.Ne4 Nxf4 22.Bxf4 Qc6
23.a6 Ba8 24.Bxe5 Rxe5 25.Qf2 f5 26.Nd2 Bc5 27.Qg3 Re2 28.Nf3 Rf8 29.Ba2 Bd6
30.Bxc4+ Kh8 31.Qxd6 Qxd6 32.Bxe2 Qc6 33.Rad1 g5 34.Rd4 Re8 35.Bd3 Qf6 36.Rd7 Rd8
37.Rxd8+ Qxd8 38.Bxf5 Bxf3 39.gxf3 Qd6 40.Kg2 Qxa6 41.Rf2 Kg7 42.Be4 Kf6
43.Rd2 Ke5 44.Bd3 Qc6 45.Re2+ Kf6 46.Re4 a5 47.h4 Qb6 48.hxg5+ hxg5 49.Re2 Qc5
50.Be4 Qd6 51.Kf2 Qc5+ 52.Ke1 a4 53.Kd2 a3 54.bxa3 Qxa3 55.Bd5 Qa5 56.Be6  1/2-1/2

[Event "5th TCh-Asia w"]
[Site "Visakhpatnam IND"]
[Date "2008.01.06"]
[Round "4"]
[White "Ramaswamy,A"]
[Black "Herath,G"]
[Result "1-0"]
[WhiteElo "2322"]
[BlackElo "1785"]

1.e4 c5 2.Nc3 Nc6 3.Nf3 d6 4.Bb5 Bd7 5.O-O Nf6 6.Re1 e6 7.b3 a6 8.Bf1 Be7
9.Bb2 Qc7 10.d3 O-O 11.Ne2 b5 12.Ng3 Rfc8 13.e5 Ne8 14.exd6 Bxd6 15.a4 e5
16.Ne4 f6 17.g3 Nd4 18.c3 Nxf3+ 19.Qxf3 Bc6 20.Bh3 Rd8 21.Bg2 Rdc8 22.axb5 axb5
23.Rxa8 Bxa8 24.Ra1 Bc6 25.Qe3 Bxe4 26.Bxe4 Be7 27.Bd5+ Kf8 28.Qf3 g6 29.h4 Ng7
30.Bc1 Bd8 31.Ra6 Nh5 32.Bh6+ Ke8 33.Bc6+ Ke7 34.Bxb5 Qb8 35.Qd5  1-0

[Event "5th TCh-Asia w"]
[Site "Visakhpatnam IND"]
[Date "2008.01.07"]
[Round "5"]
[White "Pourkashiyan,A"]
[Black "Harika,D"]
[Result "1/2-1/2"]
[WhiteElo "2282"]
[BlackElo "2455"]

1.e4 c5 2.Nf3 Nc6 3.Nc3 g6 4.d4 cxd4 5.Nxd4 Bg7 6.Nb3 Nf6 7.Be2 d6 8.O-O O-O
9.Bg5 Be6 10.Kh1 a5 11.a4 Bxb3 12.cxb3 h6 13.Be3 Rc8 14.Qd2 Kh7 15.f4 Nb4
16.Bf3 Nd7 17.Rad1 Nc5 18.Bxc5 Rxc5 19.e5 Qb8 20.exd6 exd6 21.Qxd6 Qxd6 22.Rxd6 Bxc3
23.bxc3 Rxc3 24.Bxb7 Rxb3 25.f5 gxf5 26.h3 Nc2 27.Bd5 Rd3 28.Rxf5 Ne3 29.Be4 Rxd6
30.Rf6+ Kg7 31.Rxd6 Rc8 32.Rc6 Rd8 33.Bf3 Rd4 34.Rc3 Nc4 35.Bc6 Nb6  1/2-1/2

[Event "ASEAN Masters Circuit GMB"]
[Site "Tarakan INA"]
[Date "2008.01.09"]
[Round "2"]
[White "Barbosa,O PHI"]
[Black "Ardiansyah,H"]
[Result "1/2-1/2"]
[WhiteElo "2410"]
[BlackElo "2409"]

1.e4 c5 2.Nc3 Nc6 3.Bb5 g6 4.Bxc6 dxc6 5.f4 Bg7 6.Nf3 Bg4 7.O-O e5 8.h3 Bxf3
9.Qxf3 exf4 10.d3 g5 11.g3 Bd4+ 12.Kg2 h5 13.Ne2 Qd7 14.c3 Bg7 15.h4 gxh4
16.Nxf4 Qg4 17.Qxg4 hxg4 18.gxh4 Rxh4 19.Be3 c4 20.dxc4 Nf6 21.Rae1 Nd7 22.Rh1 Rxh1
23.Rxh1 Kf8 24.Bd4 Re8 25.Re1 c5 26.Bxg7+ Kxg7 27.b3 Ne5 28.Rd1 b6 29.Rd5 f6
30.Rd6 Rh8 31.Nd5 Rh3 32.Nxf6 Rxc3 33.Nd5 Rf3 34.Ne7 Kf7 35.Nf5 Nd3 36.Rd7+ Kf6
37.Rxa7 Nf4+ 38.Kh2 Rh3+ 39.Kg1 g3 40.Ne3 Ke5 41.Re7+ Kd4 42.Nd5 Ne2+ 43.Kf1 Rh1+
44.Kxe2 g2 45.Rg7 g1=Q 46.Rxg1 Rxg1 47.Kd2 Rg2+ 48.Kc1 Rg6 49.Kc2 Kxe4 50.a4 Ke5
51.Kc3 Rc6 52.Kb2 Kd4 53.Kc2 Rh6 54.Kb2 Kd3 55.Nf4+ Kd2 56.Nd5 Kd3 57.Nf4+ Ke4
58.Nd5 Kd4 59.Kc2 Rh2+ 60.Kc1 Kd3 61.Kb1 Rh6  1/2-1/2

[Event "ch-BLR"]
[Site "Minsk BLR"]
[Date "2008.01.10"]
[Round "1"]
[White "Borsuk,Y"]
[Black "Fedorov,Alex"]
[Result "1/2-1/2"]
[WhiteElo "2268"]
[BlackElo "2607"]

1.e4 c5 2.Nc3 Nc6 3.Bb5 Nd4 4.Bc4 e6 5.Nf3 Nf6 6.O-O a6 7.d3 b5 8.Bb3 Nxb3
9.axb3 Bb7 10.e5 b4 11.Na4 Nd5 12.c4 bxc3 13.bxc3 Be7 14.Bd2 O-O 15.Nb2 f6
16.Nc4 Rb8 17.d4 Qe8 18.dxc5 Bxc5 19.Nd6 Bxd6 20.exd6 e5 21.c4 Nb6 22.Be3 Nc8
23.Bc5 Ra8 24.Nh4 a5 25.Re1 Qe6 26.f4 a4 27.f5 Qf7 28.Qd3 axb3 29.Qxb3 Rxa1
30.Rxa1 Bc6 31.Qd3 Qh5 32.g3 Qg4 33.Re1 Kf7 34.Qe2 Qxe2 35.Rxe2 g6 36.Kf2 Rg8
37.g4 g5 38.Nf3 h5 39.h3 hxg4 40.hxg4 Rh8 41.Ng1 Rh1 42.Nf3 Bxf3 43.Kxf3 Rc1
44.Re4 Rd1 45.Ke2 Ra1 46.Re3 Ra5 47.Bb4 Ra2+ 48.Kd1 Rg2 49.Re4 Na7 50.Bc3 Nc6
51.c5 Ra2 52.Kc1 Rf2 53.Bd2 Nd4 54.Bc3 Ne2+ 55.Kc2 Rg2 56.Rb4 Nd4+ 57.Kd3 Nc6
58.Ra4  1/2-1/2

[Event "ch-BLR"]
[Site "Minsk BLR"]
[Date "2008.01.12"]
[Round "3"]
[White "Borsuk,Y"]
[Black "Azarov,S"]
[Result "1/2-1/2"]
[WhiteElo "2268"]
[BlackElo "2594"]

1.e4 c5 2.Nc3 Nc6 3.Bb5 Nd4 4.Bc4 g6 5.Nge2 Bg7 6.Nxd4 cxd4 7.Qf3 Nh6 8.d3 O-O
9.Ne2 Ng4 10.Qg3 d6 11.O-O Ne5 12.Bb3 a5 13.a4 Nd7 14.f4 Nc5 15.Bc4 e6 16.Qf2 Qb6
17.b3 f5 18.exf5 d5 19.f6 Rxf6 20.Bb5 e5 21.Bb2 g5 22.Qf3 Be6 23.f5 Rxf5
24.Qh5 Qd8 25.Ng3 Rf4 26.Rxf4 gxf4 27.Nf5 Bxf5 28.Qxf5 Qh4 29.h3 Rf8 30.Qg4 Qxg4
31.hxg4 Rc8 32.Rf1 Rc7 33.Rf2 Na6 34.Ba3 Nb4 35.Bxb4 axb4 36.Re2 Kf7 37.Kf2 Kf6
38.Kf3 Bh6 39.g3 fxg3 40.Kxg3 Bf4+ 41.Kh4 h6 42.Rf2 b6 43.Kh5 Rg7 44.Be8 Rg5+
45.Kh4 Ke6 46.Bh5 Rg8 47.Kh3 Kf6 48.Kh4 Rc8 49.Kh3 Kg5 50.Bf7 Rc5 51.Bg8 e4
52.Bh7 e3 53.Re2 Be5 54.Rg2 Kf4 55.Bg6 Bf6 56.g5 hxg5 57.Rg4+ Ke5 58.Rg2 Rc8
59.Kg3 Rh8 60.Rg1 Rh6 61.Be8 g4 62.Rg2 Rh1 63.Kxg4 Rf1 64.Kg3 Bg5 65.Bh5 Bf4+
66.Kg4 Rh1 67.Bg6 Bh2 68.Kf3 Bg1 69.Be8 Bf2 70.Rg6 Rf1 71.Ke2 Rc1 72.Bd7 Rxc2+
73.Kf3 Rc7 74.Re6+ Kf5 75.Rd6+ Ke5 76.Re6+ Kf5 77.Rd6+ Kg5 78.Rxd5+ Kf6 79.Rxd4 Ke5
80.Re4+ Kd6 81.Be6 Re7 82.Bc4 Rxe4 83.dxe4  1/2-1/2

[Event "TCh-AUT 1st Bundesliga 2007-8"]
[Site "Jenbach AUT"]
[Date "2008.01.13"]
[Round "7"]
[White "Baklan,V"]
[Black "Cvek,R"]
[Result "1/2-1/2"]
[WhiteElo "2647"]
[BlackElo "2532"]

1.e4 c5 2.Nf3 Nc6 3.Nc3 d6 4.d4 cxd4 5.Nxd4 Nf6 6.Bg5 e6 7.Qd2 a6 8.O-O-O h6
9.Nxc6 bxc6 10.Bf4 d5 11.Qe3 Bb4 12.a3 Bxc3 13.Qxc3 Nxe4 14.Qxg7 Qf6 15.Qxf6 Nxf6
16.Be5 Ke7 17.g4 Rg8 18.f3 a5 19.h4 h5 20.Bh3 hxg4 21.fxg4 Ne4 22.g5 Nf2
23.Bf6+ Kd6  1/2-1/2

[Event "6th Parsvnath Open"]
[Site "New Delhi IND"]
[Date "2008.01.13"]
[Round "1"]
[White "Ramesh,R"]
[Black "Kaushik,S"]
[Result "1-0"]
[WhiteElo "2473"]
[BlackElo "1903"]

1.e4 c5 2.Nf3 Nc6 3.Nc3 e5 4.Bc4 Be7 5.d3 Nf6 6.O-O O-O 7.Nd5 d6 8.Nxe7+ Qxe7
9.h3 h6 10.c3 Be6 11.Re1 Rfd8 12.Bxe6 fxe6 13.a3 a5 14.d4 exd4 15.cxd4 d5
16.exd5 Rxd5 17.Qe2 cxd4 18.Qxe6+ Qxe6 19.Rxe6 Kf7 20.Re1 Rb5 21.Rb1 Rd8
22.Bd2 Rdd5 23.b4 a4 24.Rbc1 Nd7 25.Kf1 Nde5 26.Nxe5+ Rxe5 27.Rxe5 Rxe5 28.f4 Rd5
29.Ke2 Ke6 30.Kd3 Kd6 31.g4 h5 32.Rg1 Ne7 33.f5 hxg4 34.hxg4 g6 35.Bf4+ Kd7
36.f6 g5 37.Bg3 Ng6 38.Re1 Kc8 39.Ke4 Rd8 40.Kf5 Nh8 41.Rc1+ Kd7 42.Rc7+ Ke8
43.Ke6 d3 44.Rh7 Ng6 45.Bd6 Rc8 46.f7+ Kd8 47.Rh8+ Nxh8 48.f8=R+  1-0

[Event "6th Parsvnath Open"]
[Site "New Delhi IND"]
[Date "2008.01.13"]
[Round "2"]
[White "Swathi,G"]
[Black "Raghavi,N"]
[Result "1-0"]
[WhiteElo "2337"]
[BlackElo "2066"]

1.e4 c5 2.Nf3 Nc6 3.Nc3 e5 4.Bc4 Be7 5.d3 h6 6.O-O Nf6 7.Ne1 d6 8.f4 Bg4
9.Qd2 exf4 10.Qxf4 Ne5 11.Bb3 O-O 12.Qf2 Be6 13.Nf3 Ng6 14.Bd2 a6 15.Rae1 b5
16.Bxe6 fxe6 17.Qg3 Kh7 18.Qh3 Ne8 19.Qxe6 Nc7 20.Qh3 Bf6 21.Nd1 b4 22.Ne3 Nf4
23.Qg3 Bxb2 24.Nc4 Be5 25.Nfxe5 dxe5 26.Nxe5 Qd4+ 27.Kh1 Nce6 28.Nc4 Ng6
29.h4 Rxf1+ 30.Rxf1 Rf8 31.Rf5 Qa1+ 32.Kh2 Nd4 33.h5 Nxf5 34.Qxg6+ Kh8 35.exf5 Qf1
36.Nd6 Qf2 37.Ne4 Qxf5 38.Qxf5 Rxf5 39.g4 Rd5 40.Kg3 a5 41.Kf3 g6 42.hxg6 Kg7
43.Be3 h5 44.gxh5 Rxh5 45.Nxc5 Rh2 46.Bf2 Kxg6 47.Nb3 a4 48.Nc5 a3 49.Na6 b3
50.cxb3 Rh1 51.Nb4 Kf5 52.d4  1-0

[Event "6th Parsvnath Open"]
[Site "New Delhi IND"]
[Date "2008.01.13"]
[Round "2"]
[White "Sandeep,C"]
[Black "Akshayraj,K"]
[Result "0-1"]
[WhiteElo "2104"]
[BlackElo "2399"]

1.e4 c5 2.Nf3 Nc6 3.Nc3 d6 4.d4 cxd4 5.Nxd4 Nf6 6.Bg5 Bd7 7.Qd2 a6 8.f3 e6
9.O-O-O Be7 10.g4 h5 11.Be2 hxg4 12.fxg4 Ne5 13.h3 b5 14.Bd3 b4 15.Nce2 Qa5
16.Kb1 Nxd3 17.cxd3 Nxe4 18.dxe4 Bxg5 19.Nb3 Qe5 20.Qxb4 O-O 21.Nc3 Be7 22.Qb7 Rfd8
23.h4 a5 24.Nd4 Rab8 25.Qc7 Rbc8 26.Qa7 d5 27.Nf3 Qf4 28.Rhf1 Rxc3 29.bxc3 Qxe4+
30.Ka1 Bf6 31.Nd4 Bxh4 32.Nc6 Qc4 33.Nxd8 Qxc3+ 34.Kb1 Qb4+ 35.Ka1 Qc3+ 36.Kb1 Qb4+
37.Ka1 f5 38.Rd4 Bf6 39.Rd1 Qa4 40.Kb1 Qb5+ 41.Kc2 Bxd8 42.gxf5 e5 43.Rxd5 Bxf5+
44.R1d3 Qxd5  0-1

[Event "4NCL 2007-8"]
[Site "Wokefield Park ENG"]
[Date "2008.01.13"]
[Round "6"]
[White "Tissir,M"]
[Black "Britton,R"]
[Result "1/2-1/2"]
[WhiteElo "2444"]
[BlackElo "2253"]

1.e4 c5 2.Nc3 Nc6 3.Bb5 Nd4 4.Bc4 e6 5.Nge2 Qc7 6.d3 a6 7.Nxd4 cxd4 8.Ne2 Bc5
9.O-O Ne7 10.Bb3 b5 11.a4 Bb7 12.Bf4 d6 13.axb5 axb5 14.Rxa8+ Bxa8 15.c3 Nc6
16.Kh1 O-O 17.Bg3 b4 18.cxd4 Nxd4 19.Nxd4 Bxd4 20.Qd2 Qb6 21.Ra1 Bb7 22.h3 Ra8
23.Re1 Rd8 24.f4 d5 25.e5 Rc8 26.Bh4 Qc5 27.Qe2 Re8 28.Kh2 Ba6 29.Kh1 Bb5
30.Qd2 Rc8 31.Qe2 Re8  1/2-1/2

[Event "6th Parsvnath Open"]
[Site "New Delhi IND"]
[Date "2008.01.14"]
[Round "3"]
[White "Iuldachev,S"]
[Black "Suresh,KT"]
[Result "1-0"]
[WhiteElo "2526"]
[BlackElo "2200"]

1.e4 c5 2.Nc3 Nc6 3.Bb5 e6 4.Bxc6 bxc6 5.d3 d5 6.Nf3 Nf6 7.O-O Be7 8.Re1 O-O
9.Bg5 Ba6 10.b3 h6 11.Bh4 Re8 12.Na4 c4 13.e5 Nd7 14.Bxe7 Qxe7 15.dxc4 dxc4
16.Qd2 c5 17.Rad1 Bb5 18.Nb2 cxb3 19.axb3 Nf8 20.Qd6 Qb7 21.Qxc5 Rec8 22.Qa3 Rxc2
23.Nd4 Rc7 24.Nxb5 Qxb5 25.Nc4 Rb8 26.Re3 Ng6 27.h3 Rd7 28.Rd6 Nf4 29.Kh2 Qb7
30.Rf3 Ng6 31.Rg3 Rc7 32.Rd4 Qb5 33.Qd6 Rbc8 34.Rxg6 fxg6 35.Qxe6+ Kh7 36.Nd6 Qb6
37.Rg4 Rf8 38.Qxg6+ Kh8 39.f4 a5 40.Nf7+  1-0

[Event "ASEAN Masters Circuit GMA"]
[Site "Tarakan INA"]
[Date "2008.01.14"]
[Round "6"]
[White "Zhang Zhong"]
[Black "Mas,H"]
[Result "1-0"]
[WhiteElo "2617"]
[BlackElo "2382"]

1.e4 c5 2.Nc3 Nc6 3.Nge2 g6 4.d4 cxd4 5.Nxd4 Bg7 6.Be3 Nf6 7.Bc4 O-O 8.Bb3 d6
9.h3 a5 10.a3 a4 11.Ba2 Qb6 12.Nxc6 Qxc6 13.Qd3 Be6 14.Nd5 Bxd5 15.exd5 Qa6
16.O-O-O Rfc8 17.Qxa6 Rxa6 18.Rd4 Ra5 19.Rhd1 Nd7 20.Rb4 Rc7 21.Bc4 Nc5 22.Kb1 Kf8
23.Bb5 Na6 24.Bxa6 Rxa6 25.Bb6 Rd7 26.Re1 f5 27.c3 Kf7 28.Kc2 Be5 29.Kd3 g5
30.Kc4 e6 31.dxe6+ Kxe6 32.Kb5 Rg7 33.f3 f4 34.Rxa4 Rxa4 35.Kxa4 h5 36.Kb5 g4
37.hxg4 hxg4 38.Re2 Rh7 39.Kc4 Rh2 40.Kd3 Kf5 41.a4 Rh1 42.b4 Rf1 43.Rf2 Rd1+
44.Kc2 Ra1 45.Kb3 Kg5 46.Rc2 Rf1 47.Bf2 Rd1 48.a5 gxf3 49.gxf3 Rd3 50.b5 Rxf3
51.a6 bxa6 52.bxa6 Rh3 53.a7 Rh8 54.Kc4 Ra8 55.Kd5  1-0

[Event "ch-BLR"]
[Site "Minsk BLR"]
[Date "2008.01.15"]
[Round "6"]
[White "Borsuk,Y"]
[Black "Romanenko,Vl"]
[Result "0-1"]
[WhiteElo "2268"]
[BlackElo "2460"]

1.e4 c5 2.Nc3 Nc6 3.Bb5 d6 4.Bxc6+ bxc6 5.d3 g6 6.Nge2 Bg7 7.Be3 e5 8.O-O Ne7
9.f4 exf4 10.Bxf4 Rb8 11.Rb1 O-O 12.Qe1 Rb7 13.Qg3 Rd7 14.Rf2 d5 15.Rbf1 Qb6
16.Na4 Qa5 17.b3 c4 18.Bd6 cxd3 19.cxd3 dxe4 20.Nc5 Nf5 21.Rxf5 Rxd6 22.Nxe4 Bxf5
23.Qxd6 Bxe4 24.dxe4 Qxa2 25.Nd4 Qd2 26.Nf5 Qxd6 27.Nxd6 Be5 28.Nc4 Bd4+
29.Kh1 Re8 30.Re1 c5 31.g3 Rb8 32.Rb1 Kg7 33.Kg2 Kf6 34.Kf3 Ke6 35.Ke2 h5
36.Kd3 Bg7 37.Kc2 Rb5 38.Rd1 Bd4 39.Rf1 f6 40.Rb1 a5 41.h3 Be5 42.g4 hxg4
43.hxg4 Rb4 44.Nd2 Rd4 45.Rf1 g5 46.Re1 a4 47.bxa4 Rxa4 48.Kb3 Rb4+ 49.Kc2 Bf4
50.Nb3 Ke5 51.Kc3 Rxe4 52.Rxe4+ Kxe4 53.Nxc5+ Kf3 54.Kd3 Kxg4 55.Ne4 Be5
56.Ke3 f5 57.Nc5 Kg3 58.Ne6 Bf6 59.Nc5 Be7 60.Nd3 f4+ 61.Ke2 g4 62.Ne5 Bf6
63.Ng6 Bd4 64.Kf1 Kf3 65.Nh4+ Ke4 66.Kg2 f3+ 67.Kg3 Be5+ 68.Kf2 g3+ 69.Kg1 Bf6  0-1

[Event "6th Parsvnath Open"]
[Site "New Delhi IND"]
[Date "2008.01.15"]
[Round "4"]
[White "Udeshi,A"]
[Black "Navalgund,N"]
[Result "1-0"]
[WhiteElo "2331"]
[BlackElo "2065"]

1.e4 c5 2.Nc3 Nc6 3.Bb5 Nd4 4.Bc4 e6 5.Nge2 Ne7 6.O-O g6 7.Nxd4 cxd4 8.Nb5 Nc6
9.c3 Qb6 10.Nxd4 Nxd4 11.cxd4 Qxd4 12.d3 Bg7 13.Rb1 Qb6 14.Be3 Qc6 15.Qd2 d5
16.exd5 exd5 17.Bb3 O-O 18.Rbc1 Qd7 19.Rc5 d4 20.Bf4 Qd8 21.Rc7 b6 22.Qe2 a5
23.Qf3 Ba6 24.Rxf7 Rxf7 25.Bxf7+ Kh8 26.Re1 Qf8 27.Bd6 Qc8 28.Re8+ Qxe8 29.Bxe8 Rxe8
30.h3 Bb5 31.Qf7 Re1+ 32.Kh2 Bxd3 33.f4 h5 34.Bf8 Bxf8 35.Qxf8+ Kh7 36.Qf7+ Kh8
37.Qf6+ Kh7 38.Qxd4 Be4  1-0

[Event "115th ch-NZL"]
[Site "Auckland NZL"]
[Date "2008.01.16"]
[Round "2"]
[White "Dowden,A"]
[Black "Hart,R"]
[Result "1/2-1/2"]
[WhiteElo "2170"]
[BlackElo "2174"]

1.e4 c5 2.Nc3 Nc6 3.Bb5 g6 4.f4 Bg7 5.Nf3 d6 6.Bxc6+ bxc6 7.O-O Nf6 8.d3 O-O
9.Bd2 c4 10.d4 d5 11.Ne5 Nxe4 12.Nxc6 Nxc3 13.Bxc3  1/2-1/2

[Event "6th Parsvnath Open"]
[Site "New Delhi IND"]
[Date "2008.01.16"]
[Round "6"]
[White "Wajih,N"]
[Black "Ganesh,Ba"]
[Result "1/2-1/2"]
[WhiteElo "2255"]
[BlackElo "2092"]

1.e4 c5 2.Nf3 Nc6 3.Nc3 e5 4.Bc4 Be7 5.O-O Nf6 6.Re1 O-O 7.h3 d6 8.Nd5 Nxd5
9.Bxd5 Kh8 10.c3 f5 11.d3 fxe4 12.dxe4 Qe8 13.Be3 Qh5 14.Nd2 Qg6 15.Kh2 Bg5
16.Qe2 Ne7 17.Rad1 Rf6 18.Nf1 Nxd5 19.Rxd5 Be6 20.Rd2 Bxe3 21.Qxe3 Bxa2 22.b4 Bc4
23.Ng3 cxb4 24.cxb4 b5 25.Red1 h6 26.Nf5 d5 27.g4 d4 28.Qg3 Re6 29.h4 Qf7
30.Rg1 Rae8 31.g5 Rg6 32.Qh3 Be6 33.Qd3 Rf8 34.f4 Bxf5 35.exf5 Qxf5 36.Qxf5 Rxf5
37.fxe5 Rxe5 38.gxh6 Rxg1 39.Kxg1 Re4 40.hxg7+ Kxg7 41.Ra2 Re7 42.Ra6 Rc7
43.Kf2 Rc4 44.Ke2 Rxb4 45.Kd3  1/2-1/2

[Event "6th Parsvnath Open"]
[Site "New Delhi IND"]
[Date "2008.01.16"]
[Round "6"]
[White "Sandeep,C"]
[Black "Kiran,M"]
[Result "0-1"]
[WhiteElo "2104"]
[BlackElo "2270"]

1.e4 c5 2.Nc3 Nc6 3.Nf3 d6 4.d4 cxd4 5.Nxd4 Nf6 6.Bg5 e6 7.Qd2 a6 8.O-O-O Bd7
9.Kb1 b5 10.f3 Rc8 11.Nxc6 Bxc6 12.Bd3 Be7 13.h4 h6 14.Be3 h5 15.Bg5 Bb7
16.Rhe1 Qa5 17.e5 dxe5 18.Bxf6 gxf6 19.Bxb5+ Kf8 20.Bd7 Rc7 21.Ne4 Bb4 22.c3 Bd5
23.a4 Be7 24.b4 Rb7 25.Bb5 Qb6 26.Bd3 Qc6 27.b5 axb5 28.Bxb5 Kg7 29.Kc2 Qc7
30.g4 hxg4 31.fxg4 Rd8 32.Qd3 Rxb5 33.axb5 Qc4 34.Rb1 Qa4+ 35.Kc1 Ba3+ 36.Rb2 Bxb2+
37.Kxb2 Qa2+ 38.Kc1 Qa3+ 39.Kd1 Bxe4  0-1

[Event "6th Parsvnath Open"]
[Site "New Delhi IND"]
[Date "2008.01.18"]
[Round "8"]
[White "Ashwin,J"]
[Black "Rajesh,VA"]
[Result "0-1"]
[WhiteElo "2478"]
[BlackElo "2188"]

1.e4 c5 2.Nf3 Nc6 3.Nc3 e5 4.Bc4 d6 5.d3 Be7 6.O-O Bg4 7.h3 Be6 8.Nd5 Nf6
9.c3 O-O 10.a3 Rc8 11.b4 Bxd5 12.exd5 Nb8 13.Be3 Nbd7 14.Rb1 Qc7 15.bxc5 dxc5
16.Ba2 Qa5 17.Rxb7 Qxa3 18.Qa1 Qa6 19.Rfb1 Qxd3 20.Nxe5 Nxe5 21.Rxe7 Ng6
22.Rxa7 Qe4 23.Rb5 Nh4 24.Qf1 Nxd5 25.Bxd5 Qxd5 26.Raa5 Qe6 27.Rxc5 Rcd8
28.Bg5 Nf3+ 29.gxf3 Qg6 30.Qg2 Rd1+ 31.Kh2 Qd6+ 32.Qg3 Qe6 33.Re5 Qc6 34.Re3 Qb6
35.Rae5 Qc6 36.Be7 Ra8 37.Bb4 h6 38.Re1 Rd2 39.R5e2 Rd5 40.f4 Rad8 41.Rg1 g6
42.Re3 Qb6 43.Be7 Ra8 44.Qf3 Raa5 45.Bb4 Ra2 46.Rxg6+ Qxg6 47.c4 Ra1 48.Qg3 Rdd1
49.Qxg6+ fxg6 50.Re8+ Kf7 51.Re7+ Kf6 52.Kg2 Rab1 53.Rb7 Kf5 54.Rf7+ Ke6
55.Re7+ Kf6 56.Rb7 Rg1+ 57.Kf3 Rb3+ 58.Ke4 Rgb1 59.Bc3+ Ke6 60.Rxb3 Rxb3
61.Kd3 Rb1 62.Bg7 Rh1 63.f5+ gxf5 64.Kd4 Rxh3 65.c5 h5 66.Bf8 Rh1 67.Ke3 h4
68.Kf3 Rg1 69.Bd6 Rg4 70.Bh2 Kd5 71.Bd6 h3 72.Ke2 Kc6 73.Kf1 Rg6 74.f3 Rg2
75.Be7 f4 76.Bd6 Rg3 77.Kf2 h2 78.Bxf4 Rh3 79.Bxh2 Rxh2+ 80.Kg3 Rh5 81.Kg4 Rxc5
82.f4 Kd6 83.f5 Ke7 84.Kg5 Kf7  0-1

[Event "6th Parsvnath Open"]
[Site "New Delhi IND"]
[Date "2008.01.18"]
[Round "8"]
[White "Gupte,M"]
[Black "Karthikeyan,P"]
[Result "0-1"]
[WhiteElo "2151"]
[BlackElo "2327"]

1.e4 c5 2.Nc3 Nc6 3.Bb5 Nd4 4.Bc4 g6 5.Nf3 Bg7 6.Nxd4 cxd4 7.Qf3 Nh6 8.Ne2 O-O
9.d3 Qa5+ 10.Bd2 Qb6 11.Bb3 d6 12.Nf4 Kh8 13.h4 Qd8 14.Qg3 e6 15.h5 g5 16.Ne2 Bf6
17.f4 Rg8 18.Qf3 e5 19.fxe5 Bxe5 20.O-O-O Be6 21.Kb1 a5 22.c3 dxc3 23.Bxc3 Bg4
24.Qe3 a4 25.d4 Bg7 26.Bc2 a3 27.b3 Rc8 28.Rd2 Qe7 29.Bb4 Nf5 30.Qf2 Rxc2
31.Rxc2 Qxe4 32.Nc3 Qxd4 33.Qxd4 Nxd4 34.Rd2 Bf5+ 35.Kc1 Rc8 36.Rf1 Nxb3+
37.axb3 Bxc3 38.Bxc3+ Rxc3+ 39.Kd1 Bg4+ 40.Ke1 Bxh5 41.Rxd6 Rc2 42.g4 a2
43.Rd1 Bxg4 44.Ra1 Rb2 45.Rg1 Bf5  0-1

[Event "6th Parsvnath Open"]
[Site "New Delhi IND"]
[Date "2008.01.18"]
[Round "8"]
[White "Himanshu,Sh"]
[Black "Pradeep,KR"]
[Result "1-0"]
[WhiteElo "2398"]
[BlackElo "2238"]

1.e4 c5 2.Nf3 Nc6 3.Nc3 e5 4.Bc4 h6 5.O-O d6 6.h3 g5 7.Nd5 Bg7 8.c3 Be6 9.Ne3 Qd7
10.Bxe6 fxe6 11.Nc2 d5 12.Qe2 Nge7 13.d3 Ng6 14.a3 a5 15.Rb1 O-O 16.b4 cxb4
17.axb4 axb4 18.Nxb4 Nce7 19.c4 d4 20.Rb2 Rf7 21.Nh2 Kh7 22.Bd2 Ng8 23.Rfb1 Raf8
24.Nc2 Rxf2 25.Qxf2 Rxf2 26.Kxf2 Qf7+ 27.Nf3 Nf4 28.Nce1 Qh5 29.Bxf4 exf4
30.Rxb7 g4 31.hxg4 Qxg4 32.Ra7 Nf6 33.Rbb7 Nh5 34.c5 Qg3+ 35.Kg1 Kg6 36.c6 Bf6
37.c7 Bh4 38.Nxh4+ Qxh4 39.Nf3  1-0

[Event "ch-VEN"]
[Site "San Felipe VEN"]
[Date "2008.01.18"]
[Round "9"]
[White "Iturrizaga,E"]
[Black "Alvarez,Joh"]
[Result "1-0"]
[WhiteElo "2470"]
[BlackElo "2385"]

1.e4 c5 2.Nc3 Nc6 3.Nf3 e5 4.Bc4 Be7 5.d3 d6 6.O-O Nf6 7.Ng5 O-O 8.f4 exf4
9.Nf3 Ne5 10.Bxf4 Ng6 11.Bg3 Be6 12.Ng5 Bg4 13.Qd2 h6 14.Nf3 Nh5 15.Nd5 Nxg3
16.hxg3 Ne5 17.Nxe5 dxe5 18.Qc3 Qd7 19.Rf2 Kh8 20.Raf1 f6 21.Qb3 Rab8 22.a4 Bd8
23.Ne3 g6 24.Qc3 h5 25.Qxe5 Bc7 26.Qc3 Bxg3 27.Rxf6 Rxf6 28.Rxf6 Qg7 29.Nxg4 hxg4
30.Rxg6 Be5 31.Rh6+ Qxh6 32.Qxe5+ Kh7 33.Qc7+ Kg6 34.Qf7+ Kg5 35.Qf5+ Kh4
36.g3+ Kh3 37.Qf1+ Kxg3 38.Qf2+  1-0

[Event "ASEAN Masters Circuit GMB"]
[Site "Tarakan INA"]
[Date "2008.01.18"]
[Round "10"]
[White "Nolte,R"]
[Black "Mahmud,S"]
[Result "0-1"]
[WhiteElo "2412"]
[BlackElo "2344"]

1.e4 c5 2.Nc3 Nc6 3.Nge2 d6 4.d4 cxd4 5.Nxd4 Nf6 6.Be2 e5 7.Nf3 h6 8.O-O Be6
9.h3 Be7 10.Be3 O-O 11.a3 d5 12.exd5 Nxd5 13.Nxd5 Bxd5 14.c4 Be6 15.Qc2 Qc7
16.Rfd1 f5 17.c5 Na5 18.b4 Bb3 19.Qc3 Bxd1 20.Rxd1 Nc6 21.Bc4+ Kh7 22.Qc2 e4
23.Nd4 Nxd4 24.Rxd4 Rad8 25.g3 Qe5 26.Rxd8 Rxd8 27.Kg2 g5 28.Qc1 Rf8 29.Bd2 Bf6
30.Kf1 Bg7 31.Kg2 f4 32.g4 e3 33.fxe3 f3+ 34.Kh1 f2  0-1

[Event "Open"]
[Site "Marianske Lazne CZE"]
[Date "2008.01.19"]
[Round "1"]
[White "Hansen,TR"]
[Black "Hlavnicka,Ja"]
[Result "1-0"]
[WhiteElo "2354"]
[BlackElo "1954"]

1.e4 c5 2.Nf3 Nc6 3.Nc3 g6 4.Bb5 Bg7 5.O-O e6 6.Bxc6 bxc6 7.d3 d5 8.Na4 Qa5
9.c4 Ne7 10.Be3 Ba6 11.Bd2 Qc7 12.Nxc5 Qb6 13.Be3 d4 14.Na4 Qd8 15.Bf4 O-O
16.e5 Rb8 17.Nc5 Bb7 18.b4 Ba8 19.Qd2 Nf5 20.Bg5 f6 21.exf6 Bxf6 22.Nxe6 Bxg5
23.Nfxg5 Qf6 24.Nxf8 Qxf8 25.c5  1-0